De la propriété / (Record no. 166261)
[ view plain ]
| 000 -LEADER | |
|---|---|
| campo de control de longitud fija | 00653nam a22001815i 4500 |
| 001 - NÚMERO DE CONTROL | |
| campo de control | 166261 |
| 003 - IDENTIFICADOR DE NÚMERO DE CONTROL | |
| campo de control | ES-MaACL |
| 005 - FECHA Y HORA DE LA ÚLTIMA TRANSACCIÓN | |
| campo de control | 20260201063018.0 |
| 008 - DATOS DE LONGITUD FIJA--INFORMACIÓN GENERAL | |
| campo de control de longitud fija | 991221s1848 fr |||| | fre d |
| 040 ## - FUENTE DE CATALOGACIÓN | |
| Centro catalogador/agencia de origen | CCPB | B |
| Lengua de catalogación | spa |
| Centro/agencia transcriptor | CCPB | B |
| 100 1# - ENTRADA PRINCIPAL--NOMBRE DE PERSONA | |
| Nombre de persona | Thiers, Adolphe, |
| Fechas asociadas al nombre | 1797-1877 |
| 9 (RLIN) | 173508 |
| 245 10 - MENCIÓN DEL TÍTULO | |
| Título | De la propriété / |
| Mención de responsabilidad, etc. | par M. A. Thiers. |
| 260 ## - PUBLICACIÓN, DISTRIBUCIÓN, ETC. | |
| Lugar de publicación, distribución, etc. | Paris : |
| Nombre del editor, distribuidor, etc. | Paulin, Lhereux et Cie., Editeurs, |
| Fecha de publicación, distribución, etc. | 1848 ( |
| Fabricante | Imprimé par Plon Fréres) |
| 300 ## - DESCRIPCIÓN FÍSICA | |
| Extensión | [4], 439 p. ; |
| Dimensiones | 21 cm. |
| 650 #4 - PUNTO DE ACCESO ADICIONAL DE MATERIA--TÉRMINO DE MATERIA | |
| Término de materia o nombre geográfico como elemento de entrada | Propiedad. |
| 9 (RLIN) | 16476 |
| 852 ## - LOCALIZACIÓN | |
| Ubicación | ES-MaACL |
| Número de control de estantería | G-12973 |
| Nota libre | -- Enc. hol. |
| Encuadernación | -- Edic.: El ed. consta: Paulin, Lheureux et c\pie\s editeurs |
| Estatus retirado | Estado de pérdida | Estado de daño | No para préstamo | Colección | Biblioteca de origen | Biblioteca actual | Ubicación en estantería | Fecha de adquisición | Fuente de adquisición | Total de préstamos | Signatura topográfica completa | Código de barras | Visto por última vez | Precio de reemplazo | Tipo de ítem Koha |
|---|---|---|---|---|---|---|---|---|---|---|---|---|---|---|---|
| Libros del s. XIX | Biblioteca del Ateneo de Madrid | Biblioteca del Ateneo de Madrid | Sala Pecera Planta 3 | 17/01/2008 | G-12973 | 1174362 | 23/02/2023 | 23/02/2023 | Libro impreso antiguo |
